000 00535nam a2200193 i 4500
001 91216
003 ES-MaACL
005 20230906180652.0
007 t|
008 050128s1971 sp ||||1| spa d
100 1 _aLeonzio, Ugo.
_971703
245 1 3 _aEl vuelo mágico /
_cUgo Leonzio ; [traducción de Juan Moreno].
250 _a[1ª ed.].
260 _a[Barcelona] :
_bPlaza y Janés,
_c[1971]
300 _a311 p. ;
_c22 cm.
700 1 _aMoreno, Juan.
_9182367
852 _aES-MaACL
_jC-44181
_bR.79140
999 _c91216
_d91216